000 00596nam a2200229Ia 4500
003 OSt
005 20220918204320.0
006 a|||||r|||| 00| 0
007 ta
008 220917b |||||||| |||| 00| 0 eng d
024 _a112,046
037 _cTextual
040 _aARTS
_cARTS
_beng
041 _2eng
_aeng
082 _aV52:1:N23, K5
100 _aBarros James
_998981
245 0 _aCorfu incindent of 1923
_b Mussolini and the League of Nations
260 _c1965
650 _aHISTORY
942 _hV52:1:N23, K5
_cTEXL
_2CC
999 _c235395
_d235395